000
00351nam a2200157Ia 4500
003
0STCL
008
150530s9999 xx 000 0 und d
040
_a
STCL
_c
STCL
100
_a
Reynolds, F.J.
245
_a
Times Encyclopedia and Gazetteer
260
_c
1933
546
_a
English
942
_2
ddc
_c
BK
999
_c
1748
_d
1748
005
20220125160227.0